| Tag |
First Indicator |
Second Indicator |
Subfields |
| LEADER |
00000cam a2200000 a 4500 |
| 001 |
in00000013311 |
| 005 |
20180410095834.0 |
| 008 |
880420s1988 txuaf 00010 eng d |
| 035 |
|
|
|a (OCoLC)17824056
|
| 035 |
|
|
|9 AAA7525AM
|
| 040 |
|
|
|a TXA
|c TXA
|d UtOrBLW
|
| 043 |
|
|
|a n-us---
|
| 049 |
|
|
|a TXAS
|c [A09876235]
|a TXAS [tamu]
|
| 050 |
|
4 |
|a E83.877
|b .G5 1988
|
| 100 |
1 |
|
|a Gibbon, John,
|d 1827-1896.
|
| 245 |
1 |
0 |
|a From where the sun now stands :
|b a manuscript of the Nez Perc'e war /
|c by John Gibbon ; [foreword by Donald H. Dyal].
|
| 264 |
|
1 |
|a [College Station, Tex.] :
|b [Friends of the Sterling C. Evans Library, Texas A&M University],
|c [1988]
|
| 300 |
|
|
|a 8 unnumbered pages, 53 pages, 2 pages of plates :
|b illustrations ;
|c 18 cm.
|
| 336 |
|
|
|a text
|b txt
|2 rdacontent
|
| 337 |
|
|
|a unmediated
|b n
|2 rdamedia
|
| 338 |
|
|
|a volume
|b nc
|2 rdacarrier
|
| 490 |
1 |
|
|a Keepsake (Friends of the Sterling C. Evans Library) ;
|v no. 17
|
| 500 |
|
|
|a Gibbon commanded the Seventh Infantry at Fort Shaw, Montana and led the army at the Battle of the Big Hole.
|
| 500 |
|
|
|a Painting entitled, "Surrender of Chief Joseph," by Frederic Remington included.
|
| 536 |
|
|
|a The Cushing Library/Texas A&M Coll. copy is a gift of Harrison T. Meserole.
|
| 500 |
|
|
|a The Cushing Library/Kelsey Americana copy contains a letter of transmittal from Charlene Clark and the Friends and a summary of this title.
|
| 650 |
|
0 |
|a Nez Percé Indians
|x Wars, 1877.
|
| 650 |
|
0 |
|a Big Hole, Battle of the, Mont., 1877.
|
| 600 |
0 |
0 |
|a Joseph
|c (Nez Percé Chief),
|d 1840-1904.
|
| 700 |
1 |
|
|a Dyal, Donald H.
|
| 700 |
1 |
|
|a Remington, Frederic,
|d 1861-1909.
|
| 830 |
|
0 |
|a Keepsake (Friends of the Sterling C. Evans Library) ;
|v no. 17.
|
| 999 |
|
|
|a MARS
|
| 999 |
f |
f |
|s 36c51b4d-00f2-30d1-8c27-ee39af925c78
|i e8c9764b-1d7d-326a-900f-d8febd715eff
|t 0
|
| 952 |
f |
f |
|p noncirc
|a Texas A&M University
|b College Station
|c Cushing Memorial Library & Archives
|d Cushing: Texas A&M (Does not check out)
|t 0
|e E83.877 .G5 1988
|h Library of Congress classification
|i unmediated -- volume
|m A1485335509A
|
| 952 |
f |
f |
|p noncirc
|a Texas A&M University
|b College Station
|c Cushing Memorial Library & Archives
|d Cushing: Kelsey Americana (Does not check out)
|t 0
|e E83.877 .G5 1988
|f Vertical file
|h Library of Congress classification
|i unmediated -- volume
|
| 952 |
f |
f |
|p noncirc
|a Texas A&M University
|b College Station
|c Cushing Memorial Library & Archives
|d Cushing: Texas A&M (Does not check out)
|t 0
|e E83.877 .G5 1988
|h Library of Congress classification
|i unmediated -- volume
|
| 998 |
f |
f |
|a E83.877 .G5 1988
|t 0
|l Cushing: Texas A&M (Does not check out)
|
| 998 |
f |
f |
|a E83.877 .G5 1988
|t 0
|l Cushing: Texas A&M (Does not check out)
|
| 998 |
f |
f |
|a E83.877 .G5 1988
|t 0
|l Cushing: Kelsey Americana (Does not check out)
|